000 00990nam a22002537a 4500
001 79356
003 BD-RjUL
005 20220615113318.0
008 220210s2007eng |||||||| m||| 00| 0 eng d
035 _a(BD-RjUL)79356
040 _aBD-RjUL
_beng
_cBD-RjUL
_dBD-RjUL
041 _aeng
082 _a305.891454
_bRAI 2007
_223
100 _aRahman, Md. Mizanur
_91258
245 0 1 _aInterpretations of identity and contested Boundaries :
_bThe Biharis of Bangladesh /
_cMd. Mizanur Rahman ;
_6Supervisor: A. H. M. Zehadul Karim
260 _aRajshahi :
_bInstitute of Bangladesh Studies, University of Rajshahi.
_c2007
300 _axv, 186 Leaves ;
_c29 cm.
502 _aThesis (Ph. D.) -- Institute of Bangladesh Studies, University of Rajshahi. 2007
504 _aBibliography : Leves [166]-178
650 _aBiharis
_zBangladesh
_xSocial life and customs
_93620
650 _aEthnic groups.
_zBangladesh
_93621
700 _aKarim, A. H. M. Zehadul, Supervisor
_91226
942 _2ddc
_cTHE
999 _c79356
_d79356